000
00291nam a22001097a 4500
082
_a
823/ROY
100
_a
Roy, Bhaskar
_9
80250
245
_a
Bibhutibhushan Bandyopadhyay The Mountain of The Moon
260
_a
Kolkata
_b
Institute of Social
_c
2017
650
_a
Stories
_9
80251
942
_c
BK
999
_c
63672
_d
63672